header

Ritual abuse and mind control (Record no. 129156)

MARC details
000 -LEADER
fixed length control field 01255nam a2200313Ia 4500
245 00 - TITLE STATEMENT
Title Ritual abuse and mind control
260 ## - PUBLICATION, DISTRIBUTION, ETC. (IMPRINT)
Place of publication London :
Name of publisher Karnac,
Year of publication 2011.
300 ## - PHYSICAL DESCRIPTION
Number of Pages xvii, 183 p.
650 #0 - SUBJECT ADDED ENTRY--TOPICAL TERM
Topical Term Ritual abuse.
Topical Term Brainwashing.
Topical Term Attachment behavior.
700 1# - ADDED ENTRY--PERSONAL NAME
Personal name Epstein, Orit Badouk.
Personal name Schwartz, Joseph.
Personal name Schwartz, Rachel Wingtield.
856 40 - ELECTRONIC LOCATION AND ACCESS
Uniform Resource Identifier http://site.ebrary.com/lib/rucke/Doc?id=10463816

No items available.

© 2026 Rongo University
Contact us: librarian | system librarian | Rongo university